| 000 | 01131nas a2200385 4500 | ||
|---|---|---|---|
| 001 | BR7307003 | ||
| 003 | BR-BrBNA | ||
| 005 | 20231205082628.0 | ||
| 007 | ta | ||
| 008 | 230509b bl.|||p| |||| 00| 00por d | ||
| 040 |
_aBR-BrBNA _bpor _cBiblioteca Nacional de Agricultura |
||
| 041 | _a(Pt) | ||
| 072 | _aF22; F25 | ||
| 100 | 1 | _aLopes, A.S. | |
| 100 | 1 | _aFreire, J.C. | |
| 100 | 1 | _aBahia, V.G. | |
| 100 | 1 | _aCarvalho, S.P. | |
| 111 | 1 |
_a13. Congresso Brasileiro de Ciencia do Solo _cVitoria, ES (Brazil) _dJun 1971 |
|
| 245 | 1 | _aAvaliacao da fertilidade do solo pela analise quimica, em amostras de sete regioes do Estado de Minas Gerais [Brasil] | |
| 650 | _aQUIMICA DO SOLO | ||
| 650 | _aFERTILIZANTE | ||
| 650 | _aACIDEZ | ||
| 650 | _aTOXIDEZ | ||
| 650 | _aALUMINIO | ||
| 650 | _aCALCIO | ||
| 650 | _aMAGNESIO | ||
| 650 | _aPOTASSIO | ||
| 650 | _aFOSFORO | ||
| 650 | _aANALISE DO SOLO | ||
| 650 | _aNUTRIENTE MINERAL | ||
| 650 | _aMINAS GERAIS | ||
| 773 | 0 |
_tAgros (Brazil) _xISSN 0365-2742 _g(1972), v. 2(2) p. 20-31 _wBR7307003 |
|
| 909 |
_a202311 _bLúcia _c55 _dLúcia Elande |
||
| 942 |
_2AGRIS _n0 _cANA |
||
| 999 |
_c93352 _d93352 |
||